01198nam a2200301Ia 4500001001200000003000800012006001900020007001500039008004100054020002100095020002100116040002100137035002100158050002900179100002200208245007500230260007300305300001900378490002500397504006200422533015200484650003400636650002800670655002900698710001700727830002600744856012600770ebr10197023CaPaEBRm u cr cn|||||||||060929s2006 enka sb 001 0 eng d z0335220495 (pbk) z0335220509 (hbk) aCaPaEBRcCaPaEBR a(OCoLC)31906154314aHF5549.5.C53bR64 2006eb1 aRogers, Jennifer.10aDeveloping a coaching businessh[electronic resource] /cJenny Rogers. aMaidenhead, England ;aNew York, NY :bOpen University Press,c2006. a153 p. :bill.1 aCoaching in practice aIncludes bibliographical references (p. [147]) and index. aElectronic reproduction.bPalo Alto, Calif. :cebrary,d2009.nAvailable via World Wide Web.nAccess may be limited to ebrary affiliated libraries. 0aExecutive coachingxPractice. 0aEmployeesxCoaching of. 7aElectronic books.2local2 aebrary, Inc. 0aCoaching in practice.40uhttp://site.ebrary.com/lib/rucke/Doc?id=10197023zAn electronic book accessible through the World Wide Web; click to view